000 01043naa a22002897a 4500
001 BR9509947
003 BR-BrBNA
005 20240918181439.0
007 ta
008 230509b bl.||||| |||| 00| 0 por d
040 _aBR-BrBNA
_bpor
_cBiblioteca Nacional de Agricultura
041 _a(Pt)
072 _aF62
_b0140
090 _aF62 BR9509947
100 1 _aMundstock, C.M.
100 1 _aLaitano, C.
111 1 _a15. Reuniao da Comissao Sulbrasileira de Pesquisa de Aveia
_cEntre Rios, PR (Brazil)
_d5-7 Apr 1995
245 1 _aDesenvolvimento da panicula em 6 genotipos de aveia
260 3 _aGuarapuava, PR (Brasil):
_c1995.
500 _a15. Reuniao da Comissao Sulbrasileira de Pesquisa de Aveia Guarapuava, PR (Brasil): 1995. p. 165-166 (BR9509947-AM)F62
650 _aAveia
650 _aGenotipo
650 _aCrescimento
773 0 _t15. Reuniao da Comissao Sulbrasileira de Pesquisa de Aveia
_wF62 BR9509947
_gGuarapuava, PR (Brasil), 1995. p. 165-166
909 _a202404
_bLucia
_c55
_dLucia Elande
942 _cAM
_2AGRIS
999 _c325308
_d325308